000 00494nam a2200169Ia 4500
999 _c14330
_d14330
003 OSt
005 20210121121122.0
008 190216s9999||||xx |||||||||||||| ||und||
040 _coclc
082 _a420
_bVAR/F
100 _aVarma, Sarath Chandra
_98339
245 0 _aFunctional Course In English /
_cSarath Chandra Varma
260 _bChaithanya Publication House,
_aErnamkulam:
300 _a178p
650 _aEnglish
942 _cBK
_2ddc
_h420
_iVAR/F
_k420
_mVAR/F